| 000 | 00653nam a2200253 a 4500 | ||
|---|---|---|---|
| 001 | nice12345678 | ||
| 003 | IN_TiNIC | ||
| 005 | 20260116012841.0 | ||
| 008 | 050524s1991 jaia grp 000 0 eng | ||
| 020 |
_a _c175 |
||
| 082 | 0 | 0 |
_a305.9 _bMUR |
| 100 | _aMurickan, J | ||
| 245 | _aReligion and Power Structure in Rural India | ||
| 260 |
_aJaipur _bRawar Publications _c1991 |
||
| 300 | _a172p | ||
| 500 | _aincludes index and biblioraphy | ||
| 505 | 2 | _aIndex | |
| 650 | _aIndia-Political Economic Developmen | ||
| 650 | _aChristianity-Polotical-economic Dev | ||
| 700 | 1 | _aMurickan, J | |
| 902 | _bSRS | ||
| 942 | _cBK | ||
| 999 |
_c8634 _d8634 |
||